Beni Hassan : art and daily life in an Egyptian province /

محفوظ في:

المؤلف الرئيسي: Kanawati, Naguib (مؤلف)

مؤلفون آخرون: Woods, Alexandra.

التنسيق: كتاب

اللغة: English

منشور في: Cairo : Supreme Council of Antiquities, 2010.

الموضوعات:

الوسوم: إضافة وسم

لا توجد وسوم, كن أول من يضع وسما على هذه التسجيلة!

رقم الطلب: DT73 .B4 K363

LEADER 01119nam a22002777a 4500
003 OSt
005 20251207105724.0
008 251207t2010 ua af b 001 0 eng d
020 |a 9789774797927 
020 |a 9789774797928 (invalid) 
020 |a 9774797922 
040 |c ARCE Library 
043 |a f-ua--- 
050 1 4 |a DT73 .B4  |b K363 
100 1 |a Kanawati, Naguib,  |e author  |9 33569 
245 1 0 |a Beni Hassan :   |b art and daily life in an Egyptian province /   |c Naguib Kanawati and Alexandra Woods ; preface by Zahi Hawass ; with photographic contributions by Effy Alexakis and drawings by Sameh Shafik, Naguib Victor and Mary Hartley.  
264 1 |a Cairo :   |b Supreme Council of Antiquities,   |c 2010.  
300 |a  x, 88 pages, [101] pages of plates :   |b color illustrations ;   |c 30 cm. 
504 |a Includes bibliographical references (pages 83-86) and index. 
650 0 |a Mural painting and decoration  |z Egypt  |z Banī Ḥasan Site. 
651 0 |a Banī Ḥasan Site (Egypt)  |x Antiquities. 
651 0 |a Egypt  |x Antiquities.  
700 1 |a Woods, Alexandra. 
901 |a reviewed 
942 |c BK  |2 lcc 
999 |c 14204  |d 14204